[Event "IECC CL4-1999.09"]
[Site "IECC email"]
[Date "1999.01.16"]
[Round "?"]
[White "Engels, Jo"]
[Black "Carless, David"]
[Result "1/2-1/2"]
[WhiteElo "1700"]
[BlackElo "1745"]
[PlyCount "35"]
[EventDate "1999.??.??"]
[EventType "tourn (corr)"]
[EventRounds "4"]
[SourceTitle "Corr 2008"]
[Source "ChessBase"]
[SourceDate "2008.06.24"]
[SourceVersion "1"]
[SourceVersionDate "2008.06.24"]
[SourceQuality "1"]

1. c4 c6 2. Nf3 d5 3. b3 Nf6 4. g3 Bf5 5. Bg2 e6 6. 0-0 Bd6 7. Bb2 0-0 8. d3 h6 9. Nc3 Bh7 10. Rc1 Nbd7 11. cxd5 exd5 12. e3 Nc5 13. Ne1 Re8 14. Ne2 Qe7 15. Ba3 Nfd7 16. d4 Ne4 17. Bxd6 Nxd6 18. Nc3 1/2-1/2